00416nam a2200109Ia 4500008004100000050002300041100003100064245006500095260008600160300003300246521002700279140724s9999 xx 000 0 und d aT 58.6b.M214 2013 aMahinay, Nicolai Domini A. aPoint of sale system of outbox /cNicolai Domini A. Mahinay. aLas Piñas, Philippines :bSouthville International School and Colleges,cc2013. a65 p. :bcol. Ill. ;c28 cm. aInformation Technology